<?xml version="1.0" encoding="UTF-8"?>
<record
    xmlns:xsi="http://www.w3.org/2001/XMLSchema-instance"
    xsi:schemaLocation="http://www.loc.gov/MARC21/slim http://www.loc.gov/standards/marcxml/schema/MARC21slim.xsd"
    xmlns="http://www.loc.gov/MARC21/slim">

  <leader>00971cam a22002411  4500</leader>
  <controlfield tag="001">81659</controlfield>
  <controlfield tag="003">BD-RjUL</controlfield>
  <controlfield tag="005">20230809130857.0</controlfield>
  <controlfield tag="008">230808s1953    nyu           000 0 ara  </controlfield>
  <datafield tag="035" ind1=" " ind2=" ">
    <subfield code="a">(BD-RjUL)81659</subfield>
  </datafield>
  <datafield tag="040" ind1=" " ind2=" ">
    <subfield code="a">DLC</subfield>
    <subfield code="c">MeU-P</subfield>
    <subfield code="d">FTaSU</subfield>
    <subfield code="d">DLC</subfield>
    <subfield code="b">ara</subfield>
  </datafield>
  <datafield tag="041" ind1=" " ind2=" ">
    <subfield code="a">ara</subfield>
  </datafield>
  <datafield tag="082" ind1=" " ind2=" ">
    <subfield code="a">947.084</subfield>
    <subfield code="b">PES 1953</subfield>
  </datafield>
  <datafield tag="100" ind1="1" ind2=" ">
    <subfield code="a">Petrov, Vladimir,</subfield>
    <subfield code="d">1915-1999.</subfield>
    <subfield code="9">8263</subfield>
  </datafield>
  <datafield tag="245" ind1="1" ind2="0">
    <subfield code="a">;&#x641;&#x62A;&#x627;&#x629; &#x648; &#x630;&#x647;&#x628;  Soviet gold </subfield>
    <subfield code="b">my life as a slave laborer in the Siberian mines./</subfield>
    <subfield code="c">Translated from the Russian by Mirra Ginsburg.&#x646;&#x642;&#x644;&#x647; &#x627;&#x644;&#x64A; &#x627;&#x644;&#x639;&#x631;&#x628;&#x64A;&#x629; &#x646;&#x62C;&#x627;&#x62A;&#x64A; &#x635;&#x62F;&#x64A;&#x642;&#x64A;Translated into Arabic by Najati </subfield>
  </datafield>
  <datafield tag="260" ind1=" " ind2=" ">
    <subfield code="a">New York:</subfield>
    <subfield code="b">Farrar, Straus ,</subfield>
    <subfield code="c">1953</subfield>
  </datafield>
  <datafield tag="300" ind1=" " ind2=" ">
    <subfield code="a">viii, 129 p.</subfield>
    <subfield code="b">map.</subfield>
    <subfield code="c">22 cm.</subfield>
  </datafield>
  <datafield tag="600" ind1="1" ind2="0">
    <subfield code="a">Petrov, Vladimir,</subfield>
    <subfield code="d">1915-1999.</subfield>
    <subfield code="9">8263</subfield>
  </datafield>
  <datafield tag="650" ind1=" " ind2="0">
    <subfield code="a">Gold</subfield>
    <subfield code="x">Mines and mining</subfield>
    <subfield code="z">Russia (Federation)</subfield>
    <subfield code="z">Siberia.</subfield>
    <subfield code="9">8264</subfield>
  </datafield>
  <datafield tag="650" ind1=" " ind2="0">
    <subfield code="a">Penal colonies</subfield>
    <subfield code="z">Russia (Federation)</subfield>
    <subfield code="z">Siberia.</subfield>
    <subfield code="9">8265</subfield>
  </datafield>
  <datafield tag="650" ind1=" " ind2="0">
    <subfield code="a">Convict labor</subfield>
    <subfield code="z">Russia (Federation)</subfield>
    <subfield code="z">Siberia.</subfield>
    <subfield code="9">8266</subfield>
  </datafield>
  <datafield tag="942" ind1=" " ind2=" ">
    <subfield code="2">ddc</subfield>
    <subfield code="c">BK</subfield>
  </datafield>
  <datafield tag="999" ind1=" " ind2=" ">
    <subfield code="c">81659</subfield>
    <subfield code="d">81659</subfield>
  </datafield>
  <datafield tag="952" ind1=" " ind2=" ">
    <subfield code="0">0</subfield>
    <subfield code="1">0</subfield>
    <subfield code="2">ddc</subfield>
    <subfield code="4">0</subfield>
    <subfield code="7">1</subfield>
    <subfield code="8">NFIC</subfield>
    <subfield code="a">RUCL</subfield>
    <subfield code="b">RUCL</subfield>
    <subfield code="c">Reading</subfield>
    <subfield code="d">1973-07-11</subfield>
    <subfield code="e">USIS, Dhaka </subfield>
    <subfield code="o">A 947.084 PES 1953</subfield>
    <subfield code="r">2023-08-09 00:00:00</subfield>
    <subfield code="t">C-1</subfield>
    <subfield code="y">BK</subfield>
  </datafield>
</record>
